[Event "Collado Villalba 64 op 6th"]
[Site "Collado Villalba"]
[Date "2018.07.09"]
[Round "3"]
[White "Gonzalez Berrendero, Carlos"]
[Black "Santo Domingo Pascual, Ignacio"]
[Result "1-0"]
[WhiteElo "1821"]
[BlackElo "1548"]
[PlyCount "125"]
[EventDate "2018.07.08"]
[EventType "swiss"]
[EventRounds "7"]
[EventCountry "ESP"]
[SourceTitle "EXT 2019"]
[Source "ChessBase"]
[SourceDate "2018.10.10"]
[SourceVersion "1"]
[SourceVersionDate "2018.10.10"]
[SourceQuality "1"]

1. e4 c6 2. d4 g6 3. Nf3 Bg7 4. Bf4 d5 5. Nbd2 dxe4 6. Nxe4 Nf6 7. Nxf6+ exf6 8. Be2 0-0 9. Qd2 Be6 10. Bh6 Re8 11. 0-0 Bxh6 12. Qxh6 Bd5 13. Rfe1 Nd7 14. c4 Bxf3 15. Bxf3 Rxe1+ 16. Rxe1 Nb6 17. d5 Nxc4 18. dxc6 Ne5 19. Rxe5 fxe5 20. cxb7 Rb8 21. Qc1 Qd7 22. g3 Rxb7 23. Bxb7 Qxb7 24. Qc3 Qd5 25. b3 Qd1+ 26. Kg2 Qd5+ 27. Qf3 e4 28. Qe3 a5 29. h4 h5 30. Qg5 Qd3 31. Qxa5 Qf3+ 32. Kf1 Qh1+ 33. Ke2 Qf3+ 34. Ke1 Qh1+ 35. Kd2 Qf3 36. Qd8+ Kh7 37. Qd4 f5 38. Qa7+ Kg8 39. Qe3 Qh1 40. a4 Qb1 41. Kc3 Qa1+ 42. Kc4 Qf1+ 43. Kb4 Qa6 44. Qd4 Qb7+ 45. Kc3 Kh7 46. b4 Qc6+ 47. Kb3 Qe6+ 48. Qc4 Qb6 49. Qc5 Qe6+ 50. Kc3 Qf6+ 51. Kc4 Qa6+ 52. Qb5 Qe6+ 53. Kc5 e3 54. Qb7+ Kh6 55. fxe3 Qxe3+ 56. Kb5 Qxg3 57. Qe7 f4 58. a5 f3 59. Qf6 Qb8+ 60. Kc4 Qc8+ 61. Kd3 f2 62. Qxf2 Qh3+ 63. Qe3+ 1-0

[Event "Collado Villalba 64 op 5th"]
[Site "Collado Villalba"]
[Date "2017.07.28"]
[Round "6"]
[White "Santo Domingo Pascual, Ignacio"]
[Black "Gonzalez Arroyo, Abel Miguel"]
[Result "1-0"]
[WhiteElo "1556"]
[BlackElo "1496"]
[PlyCount "89"]
[EventDate "2017.07.23"]
[EventType "swiss"]
[EventRounds "9"]
[EventCountry "ESP"]
[SourceTitle "CBM 179 Extra"]
[Source "ChessBase"]
[SourceDate "2017.08.23"]
[SourceVersion "1"]
[SourceVersionDate "2017.08.23"]
[SourceQuality "1"]

1. d4 d5 2. Nf3 Nf6 3. g3 c6 4. Bg2 Bf5 5. 0-0 e6 6. c4 Be7 7. Nc3 h6 8. Re1 0-0 9. b3 Nbd7 10. c5 a5 11. Na4 Ne4 12. Nd2 b5 13. Nxe4 dxe4 14. Nc3 Nf6 15. e3 Qc7 16. Qc2 Rfe8 17. Nxe4 Nxe4 18. Bxe4 Bxe4 19. Qxe4 Rad8 20. Bb2 Bf6 21. a3 e5 22. dxe5 Bxe5 23. Bxe5 Rxe5 24. Qc2 Qe7 25. b4 a4 26. Rad1 Red5 27. Rxd5 Rxd5 28. Rd1 Qd7 29. Rxd5 Qxd5 30. e4 Qb3 31. Qc1 Qd3 32. Qe3 Qxe3 33. fxe3 f6 34. Kf2 Kf7 35. Kf3 Ke6 36. h4 Ke5 37. h5 f5 38. exf5 Kxf5 39. g4+ Ke5 40. e4 Kf6 41. Kf4 g5+ 42. hxg6 Kxg6 43. e5 Kf7 44. Kf5 Ke7 45. Kg6 1-0

[Event "Collado Villalba 64 op 4th"]
[Site "Collado Villalba"]
[Date "2016.07.22"]
[Round "6"]
[White "Del Olmo Linares, Marco"]
[Black "Santo Domingo Pascual, Ignacio"]
[Result "1-0"]
[WhiteElo "1570"]
[BlackElo "1535"]
[PlyCount "65"]
[EventDate "2016.07.17"]
[EventType "swiss"]
[EventRounds "9"]
[EventCountry "ESP"]
[SourceTitle "EXT 2017"]
[Source "ChessBase"]
[SourceDate "2016.10.25"]
[SourceVersion "1"]
[SourceVersionDate "2016.10.25"]
[SourceQuality "1"]

1. e4 c6 2. d4 g6 3. Nc3 d5 4. h3 Bg7 5. Nf3 dxe4 6. Nxe4 Nf6 7. Bd3 Nxe4 8. Bxe4 Bf5 9. Bxf5 Qa5+ 10. c3 Qxf5 11. 0-0 0-0 12. Re1 Re8 13. Bg5 Qb5 14. Qd2 e6 15. Bh6 Nd7 16. Bxg7 Kxg7 17. Qf4 Rad8 18. Ng5 Qf5 19. Qh4 h6 20. Ne4 c5 21. Nd6 Qd5 22. Nxe8+ Rxe8 23. Rad1 Qxa2 24. dxc5 Nf6 25. b4 Qa3 26. Qd4 Qb3 27. Re3 Qa4 28. Rde1 Qc6 29. Rf3 e5 30. Rxe5 Rxe5 31. Qxe5 g5 32. Rd3 Kg6 33. Rd6 1-0

[Event "Collado Villalba 64 op 4th"]
[Site "Collado Villalba"]
[Date "2016.07.21"]
[Round "5"]
[White "Santo Domingo Pascual, Ignacio"]
[Black "Benito Alba, Eladio"]
[Result "0-1"]
[WhiteElo "1535"]
[BlackElo "1599"]
[PlyCount "76"]
[EventDate "2016.07.17"]
[EventType "swiss"]
[EventRounds "9"]
[EventCountry "ESP"]
[SourceTitle "EXT 2017"]
[Source "ChessBase"]
[SourceDate "2016.10.25"]
[SourceVersion "1"]
[SourceVersionDate "2016.10.25"]
[SourceQuality "1"]

1. d4 d5 2. Nf3 Nf6 3. g3 e6 4. Nc3 c5 5. Bg2 Nc6 6. Bf4 cxd4 7. Nb5 Qa5+ 8. c3 Qxb5 9. Nxd4 Nxd4 10. Qxd4 Be7 11. b4 0-0 12. a4 Qc4 13. Qd2 Ne4 14. Qc2 Qxc3+ 15. Qxc3 Nxc3 16. Bf3 Bxb4 17. 0-0 Bd7 18. a5 Ne4 19. Rfd1 Bc6 20. a6 Bc5 21. Bxe4 dxe4 22. axb7 Bxb7 23. Rd7 Bd5 24. Ra6 Bb6 25. Ra1 Rfd8 26. Rxd8+ Rxd8 27. Rb1 h6 28. e3 f6 29. g4 g6 30. Bg3 Rc8 31. Bd6 Kf7 32. Kg2 Rc2 33. h3 Bxe3 34. Rb8 Rxf2+ 35. Kh1 Bf4 36. Kg1 e3 37. Rf8+ Kg7 38. Bc5 Bh2# 0-1